| 000 | 00000nam##2200000za#4500 |
| 001 | 9.689779 |
| 003 | CaOODSP |
| 005 | 20210927150445 |
| 007 | cr ||||||||||| |
| 008 | 150407|2007||||xxc|||||o f|0| 0 eng|d |
| 020 | |a978-0-662-45993-4 |
| 040 | |aCaOODSP|beng |
| 043 | |an-cn--- |
| 086 | 1 |aR2-477/2007E-PDF |
| 110 | 1 |aCanada. |bIndian and Northern Affairs Canada. |
| 245 | 10|aEnvironmental assessment & regulatory process for the proposed Mackenzie Gas Project : |h[electronic resource]|bstatus & decisions - how does it all happen? |
| 260 | |aOttawa - Ontario : |bIndian and Northern Affairs |c[2007]. |
| 300 | |a2p.|bcoloured map, photographs |
| 590 | |a15-02-Supp|b2015-02-16 |
| 690 | 07|aGas industry|2gcpds |
| 690 | 07|aEnvironmental impact assessment|2gcpds |
| 775 | 08|tÉvaluation environnementale et processus de réglementation aux fins du Projet gazier Mackenzie : |w(CaOODSP)9.634176 |
| 856 | 40|ahttp://publications.gc.ca|qPDF|s971 KB|uhttps://publications.gc.ca/collections/collection_2014/aadnc-aandc/R2-477-2007-eng.pdf |